La CEE pretende impulsar los esfuerzos del Grupo de Contadora

Salvato in:
Dettagli Bibliografici
Natura: testo
Pubblicazione: San José: La Nación
Tags: Aggiungi Tag
Nessun Tag, puoi essere il primo ad aggiungerne!!

MARC

LEADER 00000 a a2200000 04500
001 22874
003
040 |a CRAI/IIS  |c CRAI/IIS 
090 |a 156900  
245 |a La CEE pretende impulsar los esfuerzos del Grupo de Contadora  
260 |a San José:   |b La Nación  
300 |a p. irreg.  
500 |a Son varios artículos de periódicos sobre las acciones del Grupo de Contara  
999 |c 16958  |d 16958